| 000 -LEADER |
| fixed length control field |
02382cam a22002894a 4500 |
| 020 ## - INTERNATIONAL STANDARD BOOK NUMBER |
| ISBN |
0821354221 |
| 040 ## - CATALOGING SOURCE |
| Transcribing agency |
DLC |
| 082 ## - DEWEY DECIMAL CLASSIFICATION NUMBER |
| Classification number |
330 WOR 2003 A076 Or. |
| 110 2# - MAIN ENTRY--CORPORATE NAME |
| Corporate name or jurisdiction name as entry element |
World Bank. |
| 245 10 - TITLE STATEMENT |
| Title |
World Development Indicators 2003 |
| 260 ## - PUBLICATION, DISTRIBUTION, ETC. (IMPRINT) |
| Place of publication |
Washington, D.C. : |
| Name of publisher |
The World Bank, |
| Year of publication |
2003. |
| 300 ## - PHYSICAL DESCRIPTION |
| Number of Pages |
1 online resource (416 p.) |
| 490 1# - SERIES STATEMENT |
| Series statement |
World Development Indicators |
| 520 3# - SUMMARY, ETC. |
| Summary, etc |
World Development Indicators (WDI) is the World Bank's premier annual compilation of data about development. The 400-page print edition allows users to consult 600 indicators for 152 economies and 14 country groups in more than 87 tables. A current overview of the most recent data available as well as important regional data and income group analysis are presented in six thematic chapters: World View, People, Environment, Economy, States and Markets, and Global Links. Sample indicator topics include: Population & demographics Poverty & income distribution Energy Production & Use Urbanization Emissions Adjusted Savings Purchasing Power Parity Exports & Imports Balance of Payments External Debt Tax and Trade Policies Military Expenditures Transportation Development Assistance & Aid Information Technology Education & health Travel & Tourism GDP, GNI, etc. Reliable quantitative data is essential for understanding economic and social development because it provides evidence-evidence to set policies, monitor progress, and evaluate results. World Development Indicators allows users to monitor progress toward the Millennium Development Goals. These goals, agreed to by all member states of the United Nations, establish specific, measurable targets for development in the early 21st century. In addition to the most recent data presented in the print edition, complete time-series data from 1960 onwards are available in the CD-ROM and online versions of World Development Indicators. |
| 650 #4 - SUBJECT ADDED ENTRY--TOPICAL TERM |
| Topical Term |
E-Business. |
| 650 #4 - SUBJECT ADDED ENTRY--TOPICAL TERM |
| Topical Term |
Environment. |
| 650 #4 - SUBJECT ADDED ENTRY--TOPICAL TERM |
| Topical Term |
Environmental Economics and Policies. |
| 650 #4 - SUBJECT ADDED ENTRY--TOPICAL TERM |
| Topical Term |
Finance and Financial Sector Development. |
| 650 #4 - SUBJECT ADDED ENTRY--TOPICAL TERM |
| Topical Term |
Financial Literacy. |
| 650 #4 - SUBJECT ADDED ENTRY--TOPICAL TERM |
| Topical Term |
Health Monitoring and Evaluation. |
| 650 #4 - SUBJECT ADDED ENTRY--TOPICAL TERM |
| Topical Term |
Health, Nutrition and Population. |
| 650 #4 - SUBJECT ADDED ENTRY--TOPICAL TERM |
| Topical Term |
Population Policies. |
| 650 #4 - SUBJECT ADDED ENTRY--TOPICAL TERM |
| Topical Term |
Private Sector Development. |
| 710 2# - ADDED ENTRY--CORPORATE NAME |
| Corporate name or jurisdiction name as entry element |
World Bank. |
| 856 40 - ELECTRONIC LOCATION AND ACCESS |
| Uniform Resource Identifier |
http://elibrary.worldbank.org/content/book/9780821354223 |
| 942 ## - ADDED ENTRY ELEMENTS (KOHA) |
| Koha item type |
សៀវភៅភាសាអង់គ្លេស |
| 952 ## - LOCATION AND ITEM INFORMATION (KOHA) |
| Withdrawn status [LOCAL, KOHA] |
0 |